Základy automatizovaného zpracování dat

Salvato in:
Dettagli Bibliografici
Autore principale: Kaluža, Jindřich
Altri autori: Schindler, Jiří
Natura: Libro
Lingua:ceco
Pubblicazione: Ostrava Vysoká škola báňská 1987
Edizione:1. vyd.
Tags: Aggiungi Tag
Nessun Tag, puoi essere il primo ad aggiungerne!!

MARC

LEADER 00000nam a2200000 4500
001 c027323
005 20221219103732.7
041 0 |a cze 
044 |a CZ 
245 1 0 |a Základy automatizovaného zpracování dat  |c Jindřich Kaluža a kol., Jiří Schindler 
250 |a 1. vyd. 
264 1 |a Ostrava  |b Vysoká škola báňská  |c 1987 
300 |a 275 s. 
100 1 |a Kaluža, Jindřich 
700 1 |a Schindler, Jiří